Carregant...

Introduction to a mathematical treatment of economics

Dades bibliogràfiques
Autor principal: Archibald, G C; Lipsey Richard G
Format: Printed Book
Publicat: Weidenfeld and Nicolson, London 1967
Matèries:
LEADER 00538nam a2200193 4500
020
082 |a 330.015 ARC-I 
100 |a Archibald, G C; Lipsey Richard G 
245 |a Introduction to a mathematical treatment of economics 
250
260 |a Weidenfeld and Nicolson, London  |c 1967 
300
490
500
590
650 |a Mathematical economics 
942 |c BK 
999 |c 107721  |d 107721 
952 |0 0  |1 0  |4 0  |6 330_015000000000000_ARCI  |7 0  |9 121188  |a ECN  |b ECN  |l 0  |o 330.015 ARC-I  |p ECN04755  |r 2019-09-25  |w 2019-09-25  |y BK